Sanat - Satama - Kuumaa - Statistics

Yleistilastot
  • Tätä visaa on pelattu 160 kertaa
  • Keskiarvotulos 124 / 155
Vastaustilastot
Vastaus % Oikein
100%
99%
oot
99%
ja
97%
Ja
97%
mun
97%
satama
96%
ainoa
95%
oikea
94%
se
92%
voi
88%
Kun
87%
kun
87%
et
86%
hylkään
85%
käännän
85%
on
85%
selkää
85%
vie
82%
liian
81%
miten
81%
olla
81%
tajuan
81%
jonka
79%
myöhään
79%
kaikkein
78%
mua
78%
satutan
77%
sun
77%
tie
77%
kalleinta
76%
otteen
76%
irrotan
74%
kuiskauksii
71%
niin
67%
ikävöin
64%
mut
64%
ajatuksiin
59%
viel
59%
vieressä
59%
aavistaa
56%
vaikeaa
56%
juuri
55%
näin
55%
unohdun
55%
oisin
54%
piti
54%
aloillaan
53%
parempaa
53%
pysyy
53%
tehdä
53%
voinut
53%
kovin
50%
päin
50%
taustapeiliin
50%
sulkee
49%
vilkuilen
49%
tuntee
47%
kaunis
46%
silti
46%
vapautta
46%
lähtenyt
44%
selitän
44%
itelleni
42%
vieras
42%
miks
41%
syleilyynsä
40%
Ehtoja vastaavia visoja ei löytynyt
Tulosjakauma
Jokaisen tuloksen saaneiden osuus
Persentiili vastausten määrän mukaan
Tuloshistoriasi
Et ole pelannut tätä visaa